| 000 | 00700nam a2200193 a 4500 | ||
|---|---|---|---|
| 005 | 20140412111301.0 | ||
| 008 | 001117s19uu xx 00 eng d | ||
| 020 | _a0-689-50577-9 | ||
| 050 |
_aER _bDa232 1993 |
||
| 100 | _aCooper, Susan | ||
| 245 |
_aDanny and the kings / _cSusan Cooper ; illustrated by Jos A. Smith. |
||
| 260 |
_aNew York : _bMargaret K. McElderly Books, _c1993. |
||
| 300 | _a1 v. (unp.) ; col. ; ill. | ||
| 520 | _aWhile trying to get a Christmas tree for his little brothers, Danny receives unexpected help from three friendly truck drivers. | ||
| 650 | _aChristmas tree -- Fiction | ||
| 650 | _aChristmas -- Fiction | ||
| 650 | _aBrothers -- Fiction | ||
| 999 |
_c103426 _d103426 |
||